Reverse Dictionary #13 - Statistics

General Stats
  • This quiz has been taken 77 times
  • The average score is 17 of 25
Answer Stats
Definition First Letter Word % Correct
Thermal energy. H Heat
99%
The art or science of cultivating the ground, including the harvesting of crops, and the rearing and management of livestock. A Agriculture
96%
In various ball games, to move (with) the ball, controlling its path by kicking or bouncing it repeatedly. D Dribble
90%
Mental acceptance of a claim as true. B Belief
87%
A hard gelatin made by boiling bones and hides, used in solution as an adhesive; or any sticky adhesive substance. G Glue
87%
First-person singular present indicative of be. A Am
85%
Physical motion between points in space. M Movement
82%
Proper, according to strict etiquette; not casual. F Formal
81%
The highest limit. M Maximum
79%
To lose one’s traction on a low friction surface; to slide due to a lack of friction. S Slip
78%
To take away or take back (something previously given or permitted); to remove, to retract. W Withdraw
78%
Any flat, normally rectangular piece of stiff paper, plastic, etc. C Card
76%
To go with or attend as a companion or associate; to keep company with; to go along with. A Accompany
72%
To use, and pass off as one's own, someone else's writing, speech, ideas, or other intellectual or creative work, especially in an academic context. P Plagiarize
72%
Barely perceptible; not bright, or loud, or sharp. F Faint
69%
A member of the lowly social class that toils on the land, constituted by small farmers and tenants, sharecroppers, farmhands and other laborers on the land where they form the main labor force in agriculture and horticulture. P Peasant
69%
A (usually) metal fastener consisting of a partially or completely threaded shank, sometimes with a threaded point, and a head used to both hold the top material and to drive the screw either directly into a soft material or into a prepared hole. S Screw
69%
An item in a list, such as an article in a dictionary or encyclopedia. E Entry
66%
Consistent; conforming to one standard. U Uniform
66%
A furnace or hearth where metals are heated prior to hammering them into shape. F Forge
51%
Not specifically religious; lay or civil, as opposed to clerical. S Secular
46%
To give one's time, focus one's efforts, commit oneself, etc. entirely for, on, or to a certain matter. D Devote
44%
Something new, and contrary to established customs, manners, or rites. I Innovation
35%
To evoke an intense interest or attraction in someone. F Fascinate
21%
An activity causing excitement or pleasure. S Stimulation
10%
No matching quizzes found
Score Distribution
Percent of People with Each Score
Percentile by Number Answered
Your Score History
You have not taken this quiz